Pokémon Gen 1 fusioniert - Statistiken

Allgemein
  • Dieses Quiz wurde 2.651 mal gespielt
  • Das Durchschnittsergebnis liegt bei 12 aus 16
Antwortstatistiken
Bildquiz Antwort % Korrekt
Bisasam Glurak
94%
Enton Krabby
87%
Dratini Onix
83%
Rattikarl Taubsi
82%
Arktos Hypno
80%
Giflor Kicklee
80%
Aquana Smogmog
79%
Blitza Pantimos
74%
Fukano Gengar
74%
Knuddeluff Pikachu
74%
Raupy Digda
73%
Ditto Kokowei
71%
Ponita Schiggy
71%
Mew Vulpix
70%
Magnetilo Tangela
62%
Sleimok Machollo
62%
Keine übereinstimmenden Quizze gefunden
Verteilung der Resultate
Anzahl Personen mit jedem Resultat
Perzentil nach korrekt beantworteten Fragen
Ihre Resultats-Entwicklung
Sie haben dieses Quiz noch nicht gespielt